Stay ahead of the curve (Record no. 81869)

MARC details
000 -LEADER
fixed length control field 00745cab a22001935a 4500
001 - CONTROL NUMBER
control field L148511
008 - FIXED-LENGTH DATA ELEMENTS--GENERAL INFORMATION
fixed length control field 090928e20090912xxk 000 0 eng d
035 ## - SYSTEM CONTROL NUMBER
System control number (Sirsi) u148511
041 0# - LANGUAGE CODE
Language code of text/sound track or separate title eng
100 1# - MAIN ENTRY--PERSONAL NAME
Personal name Mackmin, David
245 00 - TITLE STATEMENT
Title Stay ahead of the curve
260 ## - PUBLICATION, DISTRIBUTION, ETC.
Date of publication, distribution, etc. 2009
490 ## - SERIES STATEMENT
Series statement Estates Gazette
Volume/sequential designation (0936) 12 September 2009, 94-95(2)
520 ## - SUMMARY, ETC.
Summary, etc. Valuers need to note net investment income when valuing properties. Defines net income and suggested methodology to be used. Give examples of incorrect/correct valuations and points out pitfalls of where errors can be made (see also related article L148898).
590 ## - LOCAL NOTE (RLIN)
Local note KA
651 #4 - SUBJECT ADDED ENTRY--GEOGRAPHIC NAME
Geographic name ENGLAND AND WALES
690 ## - LOCAL SUBJECT ADDED ENTRY--TOPICAL TERM (OCLC, RLIN)
Topical term or geographic name as entry element PROPERTY-PROPERTY APPRAISAL AND VALUATION
942 ## - ADDED ENTRY ELEMENTS (KOHA)
Suppress in OPAC 0
Holdings
Withdrawn status Lost status Source of classification or shelving scheme Damaged status Not for loan Home library Current library Shelving location Date acquired Total Checkouts Full call number Barcode Date last seen Copy number Price effective from Koha item type
    Dewey Decimal Classification     London London Journal article 28/09/2009   L148511 148511-1001 06/08/2019 1 06/08/2019 Journal article